000 00306nam a22001337a 4500
008 170914b xxu||||| |||| 00| 0 eng d
020 _a9780517550588
041 _aeng
080 _a7
100 _a44
101 _aART
245 _aTHE ART LIFE GEORGIA O KEEFFE
_cCASTRO.J.G
942 _2udc
_cBK
999 _c27693
_d27693